000 00622nam a2200133Ia 4500
008 220615s9999||||xx |||||||||||||| ||und||
022 _a16648714
100 _aRoger Schurch||Madeleine Beekman||Margaret J. Couvillon
245 0 _aBallroom Biology: Recent Insights into Honey Bee Waggle Dance Communications
546 _aEnglish[eng]
650 _aApis mellifera||recruitment||foraging||waggle dance||social insects||observational learning||Honey bee||Communication
856 _uhttp://journal.frontiersin.org/researchtopic/3164/ballroom-biology-recent-insights-into-honey-bee-waggle-dance-communications
942 _cEB
999 _c13722
_d13722